header

Maximum Boy: Starring in Meet Super Sid, Crime-Fighting Kid / (Record no. 266233)

MARC details
000 -LEADER
fixed length control field 00262nam a22000977a 4500
020 ## - INTERNATIONAL STANDARD BOOK NUMBER
ISBN 0439439361
100 ## - MAIN ENTRY--AUTHOR NAME
Personal name Dan Greenburg
245 ## - TITLE STATEMENT
Title Maximum Boy: Starring in Meet Super Sid, Crime-Fighting Kid /
260 ## - PUBLICATION, DISTRIBUTION, ETC. (IMPRINT)
Place of publication New York
Name of publisher Scholastic Inc
Year of publication 2001.
942 ## - ADDED ENTRY ELEMENTS (KOHA)
Koha item type Long Loan Books
Holdings
Withdrawn status Lost status Collection code Home library Current library Shelving location Date acquired Accession Number Koha item type
    Fiction Rongo University Library Rongo University Library Children's Area 22/04/2026 CL20250258 Long Loan Books

© 2026 Rongo University
Contact us: librarian | system librarian | Rongo university